<?xml version="1.0" encoding="UTF-8"?>
<record
    xmlns:xsi="http://www.w3.org/2001/XMLSchema-instance"
    xsi:schemaLocation="http://www.loc.gov/MARC21/slim http://www.loc.gov/standards/marcxml/schema/MARC21slim.xsd"
    xmlns="http://www.loc.gov/MARC21/slim">

  <leader>03362njm a2200517Ia 4500</leader>
  <controlfield tag="001">24605</controlfield>
  <controlfield tag="003">IT-RoPAU</controlfield>
  <controlfield tag="005">20220918181122.0</controlfield>
  <controlfield tag="008">131025s9999    xx            000 0 und d</controlfield>
  <datafield tag="040" ind1=" " ind2=" ">
    <subfield code="a">IT-RoPAU</subfield>
  </datafield>
  <datafield tag="040" ind1=" " ind2=" ">
    <subfield code="c">IT-RoPAU</subfield>
  </datafield>
  <datafield tag="041" ind1=" " ind2=" ">
    <subfield code="a">ITALIANO</subfield>
  </datafield>
  <datafield tag="999" ind1=" " ind2=" ">
    <subfield code="c">99874</subfield>
    <subfield code="d">99874</subfield>
  </datafield>
  <datafield tag="999" ind1=" " ind2=" ">
    <subfield code="b">n.d.</subfield>
  </datafield>
  <datafield tag="100" ind1=" " ind2=" ">
    <subfield code="a">AA.VV.</subfield>
    <subfield code="9">794</subfield>
  </datafield>
  <datafield tag="100" ind1=" " ind2=" ">
    <subfield code="e">Autore musica</subfield>
    <subfield code="9">10960</subfield>
  </datafield>
  <datafield tag="100" ind1=" " ind2=" ">
    <subfield code="g">Codice autore musica SPICS: 12000</subfield>
    <subfield code="9">796</subfield>
  </datafield>
  <datafield tag="245" ind1=" " ind2=" ">
    <subfield code="a">Bambina innamorata</subfield>
  </datafield>
  <datafield tag="250" ind1=" " ind2=" ">
    <subfield code="a">1a ed.</subfield>
  </datafield>
  <datafield tag="260" ind1=" " ind2=" ">
    <subfield code="a">MILANO</subfield>
  </datafield>
  <datafield tag="260" ind1=" " ind2=" ">
    <subfield code="b">RUSTY RECORDS</subfield>
    <subfield code="c">1971 [1a Ed.:1971]</subfield>
  </datafield>
  <datafield tag="300" ind1=" " ind2=" ">
    <subfield code="a">DISCO</subfield>
  </datafield>
  <datafield tag="500" ind1=" " ind2=" ">
    <subfield code="a">Canzone italiana. Antologia di canzoni italiane dal 1910 al 1945</subfield>
  </datafield>
  <datafield tag="505" ind1=" " ind2=" ">
    <subfield code="a">Bambina innamorata - Dolce sogno - Ziki paki ziki p&#xF9; - Una romantica avventura - Reginella campagnola - Madonna malinconia - In cerca di te - Non sei pi&#xF9; la mia bambina - Maramao perch&#xE9; sei morto? - Valzer del buonumore - Il primo pensiero - C'&#xE8; una casetta piccina</subfield>
  </datafield>
  <datafield tag="511" ind1=" " ind2=" ">
    <subfield code="a">Arrangiamenti e Direzione Orchestrale di Gigi Cichellero</subfield>
  </datafield>
  <datafield tag="650" ind1=" " ind2=" ">
    <subfield code="a">CANZONE ITALIAN [DISCHI]</subfield>
    <subfield code="e">Codice MATERIA SPICS: 9950</subfield>
    <subfield code="9">10961</subfield>
  </datafield>
  <datafield tag="700" ind1=" " ind2=" ">
    <subfield code="a">Bracchi Alfredo</subfield>
    <subfield code="d">Codice autore musica SPICS: 13448</subfield>
    <subfield code="e">Autore musica</subfield>
    <subfield code="p">Bambina innamorata - Madonna malinconia</subfield>
    <subfield code="9">10962</subfield>
  </datafield>
  <datafield tag="700" ind1=" " ind2=" ">
    <subfield code="a">D'Anzi Giovanni</subfield>
    <subfield code="d">Codice autore testo/musica SPICS: 13458</subfield>
    <subfield code="e">Autore testo/musica</subfield>
    <subfield code="p">Bambina innamorata - Dolce sogno - Non sei pi&#xF9; la mia bambina</subfield>
    <subfield code="9">10963</subfield>
  </datafield>
  <datafield tag="700" ind1=" " ind2=" ">
    <subfield code="a">Marchesi</subfield>
    <subfield code="d">Codice autore musica SPICS: 22540</subfield>
    <subfield code="e">Autore musica</subfield>
    <subfield code="p">Dolce sogno</subfield>
    <subfield code="9">10964</subfield>
  </datafield>
  <datafield tag="700" ind1=" " ind2=" ">
    <subfield code="a">Mendes Peppino</subfield>
    <subfield code="d">Codice autore musica SPICS: 13135</subfield>
    <subfield code="e">Autore musica</subfield>
    <subfield code="p">Ziki paki ziki p&#xF9;</subfield>
    <subfield code="9">10965</subfield>
  </datafield>
  <datafield tag="700" ind1=" " ind2=" ">
    <subfield code="a">Mascheroni Vittorio</subfield>
    <subfield code="d">Codice autore testo/musica SPICS: 13134</subfield>
    <subfield code="e">Autore testo/musica</subfield>
    <subfield code="p">Ziki paki ziki p&#xF9;</subfield>
    <subfield code="9">10966</subfield>
  </datafield>
  <datafield tag="700" ind1=" " ind2=" ">
    <subfield code="a">Bistolfi Gian</subfield>
    <subfield code="d">Codice autore musica SPICS: 13533</subfield>
    <subfield code="e">Autore musica</subfield>
    <subfield code="p">Una romantica avventura</subfield>
    <subfield code="9">10967</subfield>
  </datafield>
  <datafield tag="700" ind1=" " ind2=" ">
    <subfield code="a">Cini Alessandro (= Cicognini A. 8029)</subfield>
    <subfield code="d">Codice autore testo/musica SPICS: 13532</subfield>
    <subfield code="e">Autore testo/musica</subfield>
    <subfield code="p">Una romantica avventura</subfield>
    <subfield code="9">10968</subfield>
  </datafield>
  <datafield tag="700" ind1=" " ind2=" ">
    <subfield code="a">Bruno C.</subfield>
    <subfield code="d">Codice autore musica SPICS: 13502</subfield>
    <subfield code="e">Autore musica</subfield>
    <subfield code="p">Reginella campagnola</subfield>
    <subfield code="9">10969</subfield>
  </datafield>
  <datafield tag="700" ind1=" " ind2=" ">
    <subfield code="a">Di Lazzaro Eldo</subfield>
    <subfield code="d">Codice autore testo/musica SPICS: 13500</subfield>
    <subfield code="e">Autore testo/musica</subfield>
    <subfield code="p">Reginella campagnola - Valzer del buonumore</subfield>
    <subfield code="9">10970</subfield>
  </datafield>
  <datafield tag="700" ind1=" " ind2=" ">
    <subfield code="a">Cergoli</subfield>
    <subfield code="d">Codice autore testo/musica SPICS: 25700</subfield>
    <subfield code="e">Autore testo/musica</subfield>
    <subfield code="p">Madonna malinconia</subfield>
    <subfield code="9">10971</subfield>
  </datafield>
  <datafield tag="700" ind1=" " ind2=" ">
    <subfield code="a">Testoni Giancarlo</subfield>
    <subfield code="d">Codice autore musica SPICS: 13524</subfield>
    <subfield code="e">Autore musica</subfield>
    <subfield code="p">In cerca di te</subfield>
    <subfield code="9">10972</subfield>
  </datafield>
  <datafield tag="700" ind1=" " ind2=" ">
    <subfield code="a">Sciorilli Alessandro</subfield>
    <subfield code="d">Codice autore testo/musica SPICS: 22283</subfield>
    <subfield code="e">Autore testo/musica</subfield>
    <subfield code="p">In cerca di te</subfield>
    <subfield code="9">10973</subfield>
  </datafield>
  <datafield tag="700" ind1=" " ind2=" ">
    <subfield code="a">Panzeri Mario</subfield>
    <subfield code="d">Codice autore musica SPICS: 13372</subfield>
    <subfield code="e">Autore musica</subfield>
    <subfield code="p">Maramao perch&#xE9; sei morto?</subfield>
    <subfield code="9">10974</subfield>
  </datafield>
  <datafield tag="700" ind1=" " ind2=" ">
    <subfield code="a">Consiglio Mario</subfield>
    <subfield code="d">Codice autore testo/musica SPICS: 13371</subfield>
    <subfield code="e">Autore testo/musica</subfield>
    <subfield code="p">Maramao perch&#xE9; sei morto?</subfield>
    <subfield code="9">10975</subfield>
  </datafield>
  <datafield tag="700" ind1=" " ind2=" ">
    <subfield code="a">Dole</subfield>
    <subfield code="d">Codice autore musica SPICS: 13501</subfield>
    <subfield code="e">Autore musica</subfield>
    <subfield code="p">Valzer del buonumore</subfield>
    <subfield code="9">10976</subfield>
  </datafield>
  <datafield tag="700" ind1=" " ind2=" ">
    <subfield code="a">Cherubini Bixio</subfield>
    <subfield code="d">Codice autore musica SPICS: 13442</subfield>
    <subfield code="e">Autore musica</subfield>
    <subfield code="p">Il primo pensiero</subfield>
    <subfield code="9">10977</subfield>
  </datafield>
  <datafield tag="700" ind1=" " ind2=" ">
    <subfield code="a">Pagano</subfield>
    <subfield code="d">Codice autore testo/musica SPICS: 22529</subfield>
    <subfield code="e">Autore testo/musica</subfield>
    <subfield code="p">Il primo pensiero</subfield>
    <subfield code="9">10978</subfield>
  </datafield>
  <datafield tag="700" ind1=" " ind2=" ">
    <subfield code="a">Prato Carlo</subfield>
    <subfield code="d">Codice autore musica SPICS: 13381</subfield>
    <subfield code="e">Autore musica</subfield>
    <subfield code="p">C'&#xE8; una casetta piccina</subfield>
    <subfield code="9">10979</subfield>
  </datafield>
  <datafield tag="700" ind1=" " ind2=" ">
    <subfield code="a">Valabrega Cesare</subfield>
    <subfield code="d">Codice autore testo/musica SPICS: 13589</subfield>
    <subfield code="e">Autore testo/musica</subfield>
    <subfield code="p">C'&#xE8; una casetta piccina</subfield>
    <subfield code="9">10980</subfield>
  </datafield>
  <datafield tag="942" ind1=" " ind2=" ">
    <subfield code="c">MD</subfield>
    <subfield code="2">ddc</subfield>
  </datafield>
  <datafield tag="952" ind1=" " ind2=" ">
    <subfield code="0">0</subfield>
    <subfield code="1">0</subfield>
    <subfield code="4">0</subfield>
    <subfield code="6">24605_000000000000000</subfield>
    <subfield code="7">1</subfield>
    <subfield code="a">SPICS</subfield>
    <subfield code="b">SPICS</subfield>
    <subfield code="d">2013-10-25</subfield>
    <subfield code="l">0</subfield>
    <subfield code="o">24605</subfield>
    <subfield code="r">2013-10-25 00:00:00</subfield>
    <subfield code="w">2013-10-25</subfield>
    <subfield code="y">MD</subfield>
    <subfield code="z">Progr. Ins.: 5300 / N.Vol.: 1 / Copie: 1 - Copia rara: n.d. / date import: 01.01.2014 - By Epidotti, Trombetti, Vaglietti</subfield>
  </datafield>
</record>
